000 00345nam a2200157Ia 4500
003 SGT
005 20260530124438.0
082 _a610.7
_bL02B
100 _aBILLINGS, DIANE M.
245 _aLIPPINCITT'S REVIEW FOR NCLEX-RN
250 _a7TH
260 _bLIPPINCOTT
_aPHILADELPHIA
_c2002
300 _a816
650 _aNURSING
942 _2ddc
_cBK
999 _c2361
_d2361